| 000 | 00485nam a22001697a 4500 | ||
|---|---|---|---|
| 005 | 20240904055652.0 | ||
| 008 | 240903b |||||||| |||| 00| 0 eng d | ||
| 020 | _a9781485136774 | ||
| 041 | _aEnglish | ||
| 082 | _a349 NAM | ||
| 100 | _lEnglish | ||
| 245 | _aIndex to the Namibian Law Reports 1990-2016 | ||
| 260 |
_aCape Town: _bJuta and Company Ltd, _c2017 |
||
| 300 |
_b653 pages; _c26 cm. |
||
| 650 |
_aLegal practice _bLaw |
||
| 942 |
_cBK _6ALISON_BN_VRIES |
||
| 999 |
_c2996 _d2996 |
||